Movies Quiz

Random Movies or Actress Quiz

MsMojo's Top 10 Supporting Female Characters Per Genre Quiz Stats

 Plays Quiz not verified by Sporcle

Score 0/40 Timer 12:00
0 Plays Today
Rank/ Genre Character % Correct
Sci-Fi/FantasyPrincess Leia
90.3%
Sci-Fi/FantasyHermoine Granger
80.6%
Sci-Fi/FantasyTrinity
80.6%
Sci-Fi/FantasyBlack Widow
79.6%
ComedyMegan Price
77.7%
ComedyOlive Hoover
68.9%
DramaMinny Jackson
68.9%
DramaPatsey
68.9%
ActionLetty Ortiz
67.3%
ComedyPatricia 'Fat' Amy
67%
DramaGerda Wegener
63.1%
ComedyRegina George
62.1%
Sci-Fi/FantasyAva
61.2%
DramaOlivia Evans
60.2%
DramaMammy
60.2%
ComedyVelma Kelly
58.3%
ActionMarion Ravenwood
53.8%
ComedyVeronica Corningstone
52.4%
DramaIris
49.5%
ComedyMia Wallace
48.5%
Rank/ Genre Character % Correct
Sci-Fi/FantasySamantha
44.7%
DramaTherese Belivet
44.7%
DramaKatharine Hepburn
43.7%
Sci-Fi/FantasyMurphy 'Murph' Cooper
38.8%
ActionVesper Lynd
38.5%
Sci-Fi/FantasyEowyn
36.9%
ActionElena Montero
36.5%
ActionNicolette 'Nicky' Parsons
36.5%
ComedySam Thomson
35%
DramaCharlene Fleming
35%
ActionJen Yu
34.6%
ComedyMargot Tenenbaum
24.3%
ActionIlsa Faust
21.2%
Sci-Fi/FantasyJennette Vasquez
15.5%
DramaStella Kowalski
15.5%
ActionRayna Boyanov
15.4%
ActionElle 'Califonia Mountain Snaker' Driver
15.4%
Sci-Fi/FantasyMariah
11.7%
ComedyNatalie ‘Envy’ Adams
11.7%
ActionMs. Perkins
5.8%

You're not logged in!

Compare scores with friends on all Sporcle quizzes.
OR
Log In

Sporcle TV

Today on Sporcle TV


Watch our educational content, quiz creation guides, and fun videos on Sporcle TV.

Show Comments

Extras

Top Quizzes Today


Score Distribution

Your Account Isn't Verified!

In order to create a playlist on Sporcle, you need to verify the email address you used during registration. Go to your Sporcle Settings to finish the process.

Report this User

Report this user for behavior that violates our Community Guidelines.

Details: